Quality hand soldering and circuit board repair / (Record no. 178610)
[ view plain ]
| 000 -LEADER | |
|---|---|
| fixed length control field | 00962 a2200217 4500 |
| 003 - CONTROL NUMBER IDENTIFIER | |
| control field | Nust |
| 005 - DATE AND TIME OF LATEST TRANSACTION | |
| control field | 20221122124655.0 |
| 010 ## - LIBRARY OF CONGRESS CONTROL NUMBER | |
| LC control number | 96037427 |
| 020 ## - INTERNATIONAL STANDARD BOOK NUMBER | |
| International Standard Book Number | 0827378866 |
| 040 ## - CATALOGING SOURCE | |
| Transcribing agency | Nust |
| 082 00 - DEWEY DECIMAL CLASSIFICATION NUMBER | |
| Classification number | 621.381,SMI |
| 100 1# - MAIN ENTRY--PERSONAL NAME | |
| Personal name | Smith, H. Ted. |
| 9 (RLIN) | 103339 |
| 245 10 - TITLE STATEMENT | |
| Title | Quality hand soldering and circuit board repair / |
| Statement of responsibility, etc. | H. (Ted) Smith. |
| 250 ## - EDITION STATEMENT | |
| Edition statement | 2nd ed. |
| 260 ## - PUBLICATION, DISTRIBUTION, ETC. | |
| Place of publication, distribution, etc. | Albany, NY : |
| Name of publisher, distributor, etc. | Delmar, |
| Date of publication, distribution, etc. | c1997. |
| 300 ## - PHYSICAL DESCRIPTION | |
| Extent | ix, 109 p. : |
| Other physical details | ill. ; |
| Dimensions | 23 cm. |
| 505 ## - FORMATTED CONTENTS NOTE | |
| Formatted contents note | General Soldering Information (Page-1), Soldering Techniques (Page-9), Stripping and Tinning Stranded Wires (Page-15), Installing and Soldering Tinned Wires (Page-23), Components (Page-31), Disordering (Page-59), Evolution (Page-69), Conformal Coatings and Solder (Page-71), Burn Repairs (Page-87), Edge Connectors (Page-91), Modifications (Page-95), Electrostatic Discharge (Page-99). |
| 650 #0 - SUBJECT ADDED ENTRY--TOPICAL TERM | |
| Topical term or geographic name entry element | Solder and soldering. |
| 9 (RLIN) | 45050 |
| 650 #0 - SUBJECT ADDED ENTRY--TOPICAL TERM | |
| Topical term or geographic name entry element | Telecommunication Engineering |
| 942 ## - ADDED ENTRY ELEMENTS (KOHA) | |
| Source of classification or shelving scheme | |
| Koha item type | Book |
| Withdrawn status | Lost status | Source of classification or shelving scheme | Damaged status | Not for loan | Permanent Location | Current Location | Shelving location | Date acquired | Full call number | Barcode | Date last seen | Price effective from | Koha item type | Public note |
|---|---|---|---|---|---|---|---|---|---|---|---|---|---|---|
| Military College of Signals (MCS) | Military College of Signals (MCS) | General Stacks | 12/12/2016 | 621.381,SMI | MCS31031 | 12/08/2016 | 12/12/2016 | Book | Almirah No.31, Shelf No.6 |
